000 00297nam a2200133Ia 4500
100 _aKreyszig/E.
942 _cBK
654 _aAdvanced Engg.Mathematics
245 _aAdvanced Engg. Mathematics
260 _bWiley eastern
_aNEW DELHI
_c1975
300 _a898
546 _aENGLISH
999 _c30476
_d30476